| 000 | 00790nam a2200217Ii 4500 | ||
|---|---|---|---|
| 003 | JO-AjNU | ||
| 008 | 230605s9999||||xx |||||||||||||| ||und|| | ||
| 017 | _a2004/4/746 | ||
| 040 |
_aJO-AjNU _bara _erda _cJO-AjNU |
||
| 041 | _aara | ||
| 050 | 1 | 4 | _aHG4026.Q2342 2004 |
| 100 | 3 |
_aالقاضي، حسين / م.مشارك: حسين احمد دحدوح, _eauthor _927575 |
|
| 245 | 0 | 0 | _aالمحاسبة المالية الخاصة |
| 250 | _aط1 | ||
| 264 | 3 | 1 | _aعمان: مؤسسة الوراق للنشر والتوزيع، 2004 |
| 300 |
_a376ص _bيحتوي على جداول وببلوغرافية من 359-376ص |
||
| 336 |
_atext _btxt _2rdacontent |
||
| 337 |
_aunmediated _bn _2rdamedia |
||
| 338 |
_avolume _bnc _2rdacarrier |
||
| 650 | 4 |
_aالمحاسبة المالية _927576 |
|
| 999 |
_aA10592 _c14160 _d14160 |
||